Normal view
MARC view
- Human Factors- Engineering
Entry Topical Term
001 - CONTROL NUMBER
- control field: 7381
003 - CONTROL NUMBER IDENTIFIER
- control field: OSt
005 - DATE AND TIME OF LATEST TRANSACTION
- control field: 20250328115911.0
008 - FIXED-LENGTH DATA ELEMENTS
- fixed length control field: 250328|| aca||aabn | a|a d
040 ## - CATALOGING SOURCE
- Original cataloging agency: OSt
- Transcribing agency: OSt
150 ## - HEADING--TOPICAL TERM
- Topical term or geographic name as entry element: Human Factors- Engineering
670 ## - SOURCE DATA FOUND
- Source citation: Work cat.: (OSt)11130: Murrell, Hywel K F. 7380, Ergonomics: Man in his working environment / , 1986.
